000 00551 a2200181 4500
020 _a8174730788
040 _aDLC
_bDLC
082 0 0 _a808.51
100 1 _aOsborn, Michael,
245 1 0 _aPublic speaking
_cMichael Osborn, Suzanne Osborn.
250 _a4th ed.
260 _aDelhi :
_bA.I.T.B.S. Publishers ,
_cc2002.
300 _a1 v. (various pagings) :
_bcol. ill. ;
_c24 cm.
500 _a"Third edition" on t.p.; 4th edition on cover and stated in pref.
650 0 _aPublic speaking.
700 1 _aOsborn, Suzanne.
942 _cBK
_k808.51 OSB
_2ddc
999 _c4950
_d4950